00746nam a2200181 a 450000100100000000500170001000800410002704000250006810000330009324501150012626000370024130000200027849000150029871001070031383000220042095201050044299900170054700004386420250701121839.0140507s2004 dr 000 0 spa d aDO-SdBNPbspacBNPHU1 aReyna Tejada, Roberto93373910aEvaluación y acreditación de la educación superior en la República Dominicana /cRoberto Reyna Tejada. aSanto Domingo, :bSEESCT,c2004. a71 p. ;c28 cm.1 aInformev312aRepública Dominicana.bSecretaría de Estado de Educación Superior, Ciencia y Tecnología918778 0aInformen3954786 0010718PDaPDbPDcCTd2014-05-07iLF1l0o p43864-10r2020-06-25w2020-06-25yLFPDZNo se presta c43353d43353